000 00519nam a2200169 i 4500
001 46285
003 ES-MaACL
005 20230906161345.0
007 t|
008 030328s1963 sp ||||1| spa d
100 1 _aComblin, Joseph.
_939978
245 1 1 _a¿Ha fracasado la Acción Católica? /
_cJoseph Comblin ; [traducida por Francisco Javier Calzada].
260 _aBarcelona :
_bEler,
_c1963.
300 _a154 p. ;
_c19 cm.
700 1 _aCalzada, Francisco Javier.
_933938
852 _aES-MaACL
_jC-25696
_bR.54683
999 _c46285
_d46285